Welding / (Record no. 1655)
[ view plain ]
| 000 -LEADER | |
|---|---|
| fixed length control field | 00835nac a22002291u 4500 |
| 008 - FIXED-LENGTH DATA ELEMENTS--GENERAL INFORMATION | |
| fixed length control field | 130922s1996 enkill |r|||| 001 0 eng d |
| 020 ## - INTERNATIONAL STANDARD BOOK NUMBER | |
| International Standard Book Number | 0521567025 (pbk) |
| 020 ## - INTERNATIONAL STANDARD BOOK NUMBER | |
| International Standard Book Number | 9780521567022 |
| 082 ## - DEWEY DECIMAL CLASSIFICATION NUMBER | |
| Classification number | 671.52 |
| Item number | DAV |
| Edition number | 22 |
| 100 ## - MAIN ENTRY--PERSONAL NAME | |
| Personal name | Davies, A. C. |
| 9 (RLIN) | 33712 |
| 245 ## - TITLE STATEMENT | |
| Title | Welding / |
| Statement of responsibility, etc | A.C. Davies. |
| 250 ## - EDITION STATEMENT | |
| Edition statement | 10th ed. |
| 260 ## - PUBLICATION, DISTRIBUTION, ETC. (IMPRINT) | |
| Place of publication, distribution, etc | Cambridge : |
| Name of publisher, distributor, etc | Cambridge University Press, |
| Date of publication, distribution, etc | 1996. |
| 300 ## - PHYSICAL DESCRIPTION | |
| Extent | xiv,896p. : |
| Other physical details | ill. ; |
| Dimensions | 22cm. |
| 490 ## - Series Statement | |
| Series statement | Cambridge low price editions |
| 500 ## - GENERAL NOTE | |
| General note | Originally published: in 2 v. as The science and practice of welding. 1992. Previous ed.: 1989. |
| 500 ## - GENERAL NOTE | |
| General note | Originally published: in 2 v. as The science and practice of welding. 1992. Previous ed.: 1989. |
| 500 ## - GENERAL NOTE | |
| General note | Donations |
| 500 ## - GENERAL NOTE | |
| General note | Donations - Dr. Mostafa Gouda |
| 650 ## - SUBJECT ADDED ENTRY--TOPICAL TERM | |
| Topical term or geographic name as entry element | Welding. |
| 9 (RLIN) | 33713 |
| 942 ## - ADDED ENTRY ELEMENTS (KOHA) | |
| Item type | Book - Borrowing |
| Call number prefix | 671.52 DAV |
| Source of classification or shelving scheme | Dewey Decimal Classification |
| Withdrawn status | Item status | Damaged status | Not for loan | Home library | Current library | Shelving location | Date acquired | Source of acquisition | Total Checkouts | Total Renewals | Full call number | Barcode | Date last seen | Date last borrowed | Koha item type |
|---|---|---|---|---|---|---|---|---|---|---|---|---|---|---|---|
| Central Library | Central Library | First floor | 03/12/2006 | Purchase | 4 | 7 | 671.52 DAV | 000002686 | 15/07/2025 | 18/10/2018 | Book - Borrowing |